00832 2200181 4500001002100000005001500021035002000036245014600056100001200202250001700214300003000231260004400261082001000305084001600315020002200331650001400353520028300367INLIS00000000000090520250317091129 a0010-03250000011 aMembaca Dongeng & Bermain Puzzle Dongeng Nusantara 3 :bLutung Kasarung, Manik Angkeran, Panji Semirang, Jaka Tarub, Reog Ponorogo /cEfik S.0 aEfik S. acetakan ke-1 a10 hlm :bilus ;c20,5 cm aJakarta :bElex Media Komputindo,c2020 a398.2 a398.2 EFI m a978-623-001-881-7 4aBuku Anak aDongeng singkat dari Nusantara yang terkenal dan mengandung nilai-nilai luhur yang perlu dilestarikan agar tidak hilang. Dongeng Nusantara ini merupakan salah satu tradisi lisan yang perlu disampaikan secara turun-temurun pada generasi berikutnya agar tetap hidup di masyarakat.